Romeo y julieta /

Guardado en:
Autor Principal: Shakespeare, William
Otros Autores: Neruda, Pablo, trad., Henríquez Ureña, Pedro.
Formato: Libro
Publicado: Buenos Aires : Losada, 1996.
Edición:14a ed.
Series:Biblioteca Clásica y Contemporánea
Materias:
Etiquetas: Agregar Etiqueta
Sin Etiquetas, Sea el primero en etiquetar este registro!
LEADER 00771nam a22002415a 4500
001 CEM.cems020106
008 230517s1996##################000#0#####d
005 20240813094203.0
245 1 0 |a Romeo y julieta /  |c William Shakespeare ; traducido por Pablo Neruda ; introducción de Pedro Henríquez Ureña. 
250 |a 14a ed. 
260 |a Buenos Aires :  |b Losada,  |c 1996. 
300 |a 115 p. 
490 0 |a Biblioteca Clásica y Contemporánea 
020 |a 9789500300193 
100 1 |a Shakespeare, William 
700 1 |a Neruda, Pablo, trad. 
700 1 |a Henríquez Ureña, Pedro. 
082 0 4 |a 822.3 
653 |a Literatura 
653 |a Literatura inglesa 
653 |a Teatro 
653 |a Teatro inglés 
859 |a CEMS  |b BIB. CEMS - Agricultura  |h 822.3  |i Sh14-5  |p A3596.23  |t Ej.1